Siete noches
Guardado en:
| Autor principal: | |
|---|---|
| Formato: | Libro |
| Lenguaje: | Undetermined |
| Publicado: |
México, Distrito Federal
Fondo de Cultura Económica
2001
|
| Edición: | 2 |
| Materias: | |
| Etiquetas: |
Agregar Etiqueta
Sin Etiquetas, Sea el primero en etiquetar este registro!
|
MARC
| LEADER | 00000nam a2200000Ia 4500 | ||
|---|---|---|---|
| 008 | 170316s9999 xx 000 0 und d | ||
| 040 | |a cru BVZT | ||
| 090 | |a 860 B-32s | ||
| 100 | |a Borges, Jorge Luis |9 1174 | ||
| 245 | |a Siete noches |c / Jorge Luis Borges | ||
| 250 | |a 2 | ||
| 260 | |a México, Distrito Federal |b Fondo de Cultura Económica |c 2001 | ||
| 300 | |a 173 páginas | ||
| 650 | |a LITERATURA LATINOAMERICANA |9 15 | ||
| 650 | |a NOVELA ARGENTINA |9 1274 | ||
| 999 | |c 8452 |d 8452 | ||
| 942 | |c SALA |h 860 B-32s |2 z | ||
